[Event "Brandenburg Seniors op 11th"]
[Site "Rowy"]
[Date "2002.06.24"]
[Round "7"]
[White "Augustat, Siegfried"]
[Black "Knapp, Hans"]
[Result "1-0"]
[WhiteElo "1747"]
[BlackElo "1648"]
[PlyCount "67"]
[EventDate "2002.06.??"]
[EventType "swiss"]
[EventRounds "7"]
[EventCountry "POL"]
[SourceTitle "EXT 2006"]
[Source "ChessBase"]
[SourceDate "2005.11.24"]
[SourceVersion "1"]
[SourceVersionDate "2005.11.24"]
[SourceQuality "1"]

1. e4 c5 2. c3 Nc6 3. d4 cxd4 4. cxd4 d6 5. Nc3 e6 6. Nf3 Bd7 7. Be2 Nge7 8. 0-0 Ng6 9. Be3 Be7 10. Qd2 0-0 11. Rad1 Qc8 12. Ne1 a6 13. f4 b5 14. d5 Na5 15. b3 e5 16. f5 Nh8 17. Rc1 Qd8 18. Nf3 f6 19. g4 Nf7 20. h4 h6 21. Bd3 Nb7 22. b4 Qe8 23. Qe2 Bd8 24. Kh2 Rc8 25. Rg1 Bc7 26. a4 a5 27. Nxb5 Bxb5 28. Bxb5 Qe7 29. Bc6 Nbd8 30. b5 Rb8 31. Qf2 Nxc6 32. Rxc6 Bd8 33. Rgc1 h5 34. gxh5 1-0

[Event "Brandenburg Seniors op 11th"]
[Site "Rowy"]
[Date "2002.06.19"]
[Round "3"]
[White "Krasinski, Jerzy Roman"]
[Black "Knapp, Hans"]
[Result "1-0"]
[WhiteElo "1939"]
[BlackElo "1648"]
[PlyCount "71"]
[EventDate "2002.06.??"]
[EventType "swiss"]
[EventRounds "7"]
[EventCountry "POL"]
[SourceTitle "EXT 2006"]
[Source "ChessBase"]
[SourceDate "2005.11.24"]
[SourceVersion "1"]
[SourceVersionDate "2005.11.24"]
[SourceQuality "1"]

1. d4 Nf6 2. Nc3 d5 3. h3 e6 4. Bg5 Be7 5. e3 0-0 6. Bd3 c5 7. dxc5 Bxc5 8. Nf3 Nc6 9. 0-0 Be7 10. e4 dxe4 11. Nxe4 Nxe4 12. Bxe7 Qxe7 13. Bxe4 Rd8 14. Qe2 Nd4 15. Qe3 Nxf3+ 16. Qxf3 Rb8 17. Rfd1 Rxd1+ 18. Rxd1 g6 19. Qe3 b6 20. Qg3 e5 21. Rd5 f6 22. Rd1 Be6 23. Bd5 Bxd5 24. Rxd5 Rd8 25. Qd3 Rxd5 26. Qxd5+ Kg7 27. a3 f5 28. b4 h5 29. c4 Kf6 30. c5 bxc5 31. bxc5 Qe6 32. Qb7 a5 33. Qb6 e4 34. c6 e3 35. fxe3 Kg5 36. Qc5 1-0